<?xml version="1.0" encoding="UTF-8"?>
<record
    xmlns:xsi="http://www.w3.org/2001/XMLSchema-instance"
    xsi:schemaLocation="http://www.loc.gov/MARC21/slim http://www.loc.gov/standards/marcxml/schema/MARC21slim.xsd"
    xmlns="http://www.loc.gov/MARC21/slim">

  <leader>00887nam a2200217 a 4500</leader>
  <controlfield tag="001">BRL_1656</controlfield>
  <controlfield tag="005">20190320211317.0</controlfield>
  <controlfield tag="008">210414s1922----gw-ae#####---#000-0#ger-#</controlfield>
  <datafield tag="041" ind1=" " ind2=" ">
    <subfield code="a">ger</subfield>
  </datafield>
  <datafield tag="044" ind1=" " ind2=" ">
    <subfield code="a">gw</subfield>
  </datafield>
  <datafield tag="050" ind1=" " ind2="4">
    <subfield code="a">PN3241</subfield>
    <subfield code="b">.D3 1922</subfield>
  </datafield>
  <datafield tag="130" ind1="0" ind2=" ">
    <subfield code="a">Oberammergauer Passionsspiel</subfield>
    <subfield code="9">27553</subfield>
  </datafield>
  <datafield tag="245" ind1="1" ind2="0">
    <subfield code="a">Das passions-spiel in Oberammergau</subfield>
    <subfield code="b">ein geistliches festspiel in drei abteilungen mit 24 lebenden bildern</subfield>
    <subfield code="c">Mit Ben&#xFC;tzung der alten Texte verfasst von J. A. Daisenberger. Offizieller Gesamt-Text f&#xFC;r das Jahr 1922 &#xFC;berarbeitet und neu herausgegeben von der Gemeinde Oberammergau.</subfield>
  </datafield>
  <datafield tag="260" ind1=" " ind2=" ">
    <subfield code="a">Diessen vor M&#xFC;nchen</subfield>
    <subfield code="b">J. C. Huber</subfield>
    <subfield code="c">1922</subfield>
  </datafield>
  <datafield tag="300" ind1=" " ind2=" ">
    <subfield code="a">149 p.</subfield>
    <subfield code="b">il., planos</subfield>
    <subfield code="c">16 cm.</subfield>
  </datafield>
  <datafield tag="500" ind1=" " ind2=" ">
    <subfield code="a">Au1846</subfield>
  </datafield>
  <datafield tag="650" ind1="1" ind2="4">
    <subfield code="a">Teatro</subfield>
    <subfield code="x">Pari&#xF3;n de Cristo</subfield>
    <subfield code="z">Oberammergau (Alemania)</subfield>
    <subfield code="9">27554</subfield>
  </datafield>
  <datafield tag="700" ind1="1" ind2=" ">
    <subfield code="a">Daisenberger, J. A.</subfield>
    <subfield code="d">Joseph Alois</subfield>
    <subfield code="e">1799-1883</subfield>
    <subfield code="9">27555</subfield>
  </datafield>
  <datafield tag="902" ind1=" " ind2=" ">
    <subfield code="a">GRL</subfield>
  </datafield>
  <datafield tag="942" ind1=" " ind2=" ">
    <subfield code="2">lcc</subfield>
    <subfield code="c">B</subfield>
  </datafield>
  <datafield tag="999" ind1=" " ind2=" ">
    <subfield code="c">10465</subfield>
    <subfield code="d">10465</subfield>
  </datafield>
  <datafield tag="952" ind1=" " ind2=" ">
    <subfield code="0">0</subfield>
    <subfield code="1">0</subfield>
    <subfield code="4">0</subfield>
    <subfield code="7">0</subfield>
    <subfield code="a">BRL</subfield>
    <subfield code="b">BRL</subfield>
    <subfield code="d">2014-04-21</subfield>
    <subfield code="i">Au1846</subfield>
    <subfield code="l">0</subfield>
    <subfield code="o">PN3241 .D3 1922 (Au1846)</subfield>
    <subfield code="p">GRL01827</subfield>
    <subfield code="r">2019-03-22 00:00:00</subfield>
    <subfield code="w">2019-03-22</subfield>
    <subfield code="y">B</subfield>
  </datafield>
</record>
